[Event "Liberec op 21st"]
[Site "Liberec"]
[Date "2022.02.09"]
[Round "6"]
[White "Paldus, Petr"]
[Black "Nemec, Pavel"]
[Result "0-1"]
[WhiteElo "1979"]
[BlackElo "2223"]
[PlyCount "86"]
[EventDate "2022.02.05"]
[EventType "swiss"]
[EventRounds "9"]
[EventCountry "CZE"]
[SourceTitle "EXT 2023"]
[Source "ChessBase"]
[SourceDate "2022.10.05"]
[SourceVersion "1"]
[SourceVersionDate "2022.10.05"]
[SourceQuality "1"]

1. e4 c5 2. Nf3 d6 3. c3 Nf6 4. Bd3 Nc6 5. 0-0 Bg4 6. Re1 e6 7. h3 Bh5 8. Bc2 Be7 9. d4 cxd4 10. cxd4 0-0 11. Nc3 Bxf3 12. gxf3 e5 13. dxe5 dxe5 14. Be3 Nd4 15. Bxd4 exd4 16. Ne2 Bb4 17. Rf1 Bc5 18. Ng3 Qc7 19. Kg2 Qe5 20. Rh1 Rad8 21. Bd3 Bd6 22. Qd2 Rfe8 23. Rac1 Nh5 24. Nxh5 Qxh5 25. f4 Qh6 26. Qe2 Bxf4 27. Rc5 Re5 28. Rxe5 Bxe5 29. Qf3 Rd6 30. Qf5 Rg6+ 31. Kf1 Qc1+ 32. Ke2 Qxb2+ 33. Kf1 Qa1+ 34. Ke2 Qxa2+ 35. Kf1 Re6 36. Rg1 Qd2 37. Be2 g6 38. Qf3 Rf6 39. Qb3 Rb6 40. Qc4 Rb1+ 41. Kg2 Qg5+ 42. Bg4 Rxg1+ 43. Kxg1 h5 0-1

[Event "Pardubice Czech op-B 32nd"]
[Site "Pardubice"]
[Date "2021.07.25"]
[Round "2"]
[White "Hanzl, Tadeas"]
[Black "Paldus, Petr"]
[Result "0-1"]
[WhiteElo "1804"]
[BlackElo "2025"]
[PlyCount "104"]
[EventDate "2021.07.24"]
[EventType "swiss"]
[EventRounds "9"]
[EventCountry "CZE"]
[SourceTitle "EXT 2022"]
[Source "ChessBase"]
[SourceDate "2021.10.06"]
[SourceVersion "1"]
[SourceVersionDate "2021.10.06"]
[SourceQuality "1"]

1. e4 e5 2. Nf3 Nc6 3. d4 exd4 4. Nxd4 Bc5 5. Nb3 Bb6 6. Nc3 Nf6 7. Bg5 d6 8. Qd2 h6 9. Bh4 Nxe4 10. Qf4 Nf6 11. Bxf6 Qxf6 12. Qxf6 gxf6 13. Nd5 f5 14. f4 Be6 15. Nxb6 axb6 16. Nc1 Nb4 17. Kd2 Ke7 18. a3 Bd5 19. c3 Nc6 20. Nd3 Kf6 21. Re1 Rhe8 22. Rg1 Na5 23. Nb4 Be4 24. Be2 c6 25. h3 b5 26. g4 fxg4 27. hxg4 Nc4+ 28. Bxc4 bxc4 29. Na2 Bd5 30. Nb4 Rxe1 31. Nxd5+ cxd5 32. Kxe1 Re8+ 33. Kf2 d4 34. cxd4 Re4 35. Kf3 Rxd4 36. Rg2 Rd3+ 37. Ke2 Rb3 38. Kd1 c3 39. bxc3 Rxc3 40. g5+ hxg5 41. fxg5+ Kg6 42. Rd2 Rc6 43. Rd5 Ra6 44. Kc2 Rxa3 45. Rxd6+ Kxg5 46. Rd7 f5 47. Rxb7 Re3 48. Kd2 Re6 49. Rb4 f4 50. Rb1 Kg4 51. Rg1+ Kf3 52. Rg5 Kf2 0-1

[Event "WchT Seniors 50"]
[Site "Prague"]
[Date "2020.03.11"]
[Round "6.2"]
[White "Paldus, Petr"]
[Black "Hermansen, Henning W"]
[Result "1/2-1/2"]
[WhiteElo "2008"]
[BlackElo "1921"]
[PlyCount "34"]
[EventDate "2020.03.06"]
[EventType "team-swiss"]
[EventRounds "7"]
[EventCountry "CZE"]
[SourceTitle "CBM 195 Extra"]
[Source "ChessBase"]
[SourceDate "2020.05.31"]
[SourceVersion "1"]
[SourceVersionDate "2020.05.31"]
[SourceQuality "1"]
[WhiteTeam "Czech Republic 50 IX"]
[BlackTeam "Norway 50"]
[WhiteTeamCountry "CZE"]
[BlackTeamCountry "NOR"]

1. e4 c5 2. Nf3 Nc6 3. c3 Nf6 4. e5 Nd5 5. d4 cxd4 6. cxd4 e6 7. Nc3 Nxc3 8. bxc3 d5 9. Bd3 Be7 10. Be3 Bd7 11. 0-0 Rc8 12. Qc2 Nb4 13. Qd2 Nxd3 14. Qxd3 a6 15. Rfc1 0-0 16. a4 Rc4 17. a5 Bb5 1/2-1/2

[Event "Pardubice Czech Tintera op 30th"]
[Site "Pardubice"]
[Date "2019.07.21"]
[Round "3"]
[White "Paldus, Petr"]
[Black "Starzynski, Pawel"]
[Result "1-0"]
[WhiteElo "2007"]
[BlackElo "1526"]
[PlyCount "77"]
[EventDate "2019.07.19"]
[EventType "swiss"]
[EventRounds "9"]
[EventCountry "CZE"]
[SourceTitle "EXT 2020"]
[Source "ChessBase"]
[SourceDate "2019.10.17"]
[SourceVersion "1"]
[SourceVersionDate "2019.10.17"]
[SourceQuality "1"]

1. e4 c6 2. d4 d5 3. exd5 cxd5 4. Bd3 Nf6 5. Nf3 e6 6. Bf4 Be7 7. c3 Nbd7 8. 0-0 0-0 9. Nbd2 Re8 10. Ne5 Nf8 11. Ndf3 Bd7 12. Ng5 Qb6 13. Qd2 Ng6 14. Ngxf7 Nxf4 15. Qxf4 Rf8 16. Bxh7+ Nxh7 17. Nxd7 Rxf7 18. Nxb6 Rxf4 19. Nxa8 Bd6 20. Rfe1 Ng5 21. a4 Rf8 22. h4 Nf7 23. Rxe6 Rxa8 24. Rae1 Kh7 25. Re8 Rxe8 26. Rxe8 Kg6 27. Ra8 a6 28. g4 Bf4 29. b3 Nd6 30. Rd8 Kf6 31. Rd7 g6 32. c4 Ke6 33. Rg7 Kf6 34. Rh7 Nf7 35. g5+ Ke7 36. h5 Kf8 37. hxg6 Nxg5 38. Rxb7 dxc4 39. bxc4 1-0